Score 0/18 Timer 04:00
2 Plays Today
% Correct
He can see right through you
94.6%
Pair of medics
94.6%
I just couldn’t cut it
93.9%
I don’t have the right koalifications
93.6%
Kentucky Freud Chicken
93.5%
They fought tooth and nails
92.9%
Was just too draining
92.6%
Of the hole thing
92.3%
Hoarse doctor
92.3%
% Correct
I get completely lost in my work
91.7%
Because it was soda pressing
91.4%
Didn't suit me
90.7%
I got tired of the daily grind
90.4%
I think it is a noteworthy job
89.6%
Just couldn’t do it anymore
89.5%
His celery wasn't high enough
88.1%
I didn't see that coming
87.9%
I just didn’t have the thyme
82.6%
Remove Ads.
Support Sporcle.
Get the best of Sporcle when you Go Orange. This ad-free experience offers more features, more stats, and more fun while also helping to support Sporcle. Thank you for becoming a member.

You're not logged in!

Compare scores with friends on all Sporcle quizzes.
OR
Log In

Show Comments

Extras

Top Quizzes Today


Score Distribution

Your Account Isn't Verified!

In order to create a playlist on Sporcle, you need to verify the email address you used during registration. Go to your Sporcle Settings to finish the process.

Report this User

Report this user for behavior that violates our Community Guidelines.

Details: